[Event "ITA-ch U16"]
[Site "Salsomaggiore Terme"]
[Date "2019.07.14"]
[Round "9"]
[White "Pozzari, Simone"]
[Black "Cervati, Michele"]
[Result "1-0"]
[WhiteElo "2179"]
[BlackElo "1803"]
[PlyCount "41"]
[EventDate "2019.07.07"]
[EventType "swiss"]
[EventRounds "9"]
[EventCountry "ITA"]
[SourceTitle "EXT 2020"]
[Source "ChessBase"]
[SourceDate "2019.10.17"]
[SourceVersion "1"]
[SourceVersionDate "2019.10.17"]
[SourceQuality "1"]

1. d4 d5 2. Bf4 e6 3. e3 Nf6 4. Nf3 Bd6 5. Bg3 0-0 6. Nbd2 b6 7. Bd3 Bb7 8. c3 c5 9. Qe2 Qe7 10. 0-0-0 c4 11. Bc2 Nbd7 12. Ne5 b5 13. f4 a5 14. Bh4 b4 15. Rdf1 a4 16. Nxd7 Qxd7 17. Bxf6 gxf6 18. Bxh7+ Kxh7 19. Qh5+ Kg7 20. Qg4+ Kh7 21. Rf3 1-0

[Event "ITA-ch U16"]
[Site "Salsomaggiore Terme"]
[Date "2019.07.09"]
[Round "4"]
[White "Cervati, Michele"]
[Black "Campanella, Riccardo"]
[Result "1-0"]
[WhiteElo "1803"]
[BlackElo "1630"]
[PlyCount "38"]
[EventDate "2019.07.07"]
[EventType "swiss"]
[EventRounds "9"]
[EventCountry "ITA"]
[SourceTitle "EXT 2020"]
[Source "ChessBase"]
[SourceDate "2019.10.17"]
[SourceVersion "1"]
[SourceVersionDate "2019.10.17"]
[SourceQuality "1"]

1. e4 e6 2. d4 d5 3. Nd2 Nc6 4. c3 Nf6 5. Bd3 dxe4 6. Nxe4 Be7 7. Nf3 0-0 8. Qc2 h6 9. Nxf6+ Bxf6 10. Bf4 Rb8 11. h4 Qe7 12. 0-0-0 Re8 13. Qd2 e5 14. dxe5 Nxe5 15. Nxe5 Bxe5 16. Bxe5 Be6 17. Rhe1 Qxh4 18. Rh1 Qa4 19. Bxg7 Ra8 1-0

[Event "Verona-chT Serie C/9 51st"]
[Site "Verona"]
[Date "2019.03.17"]
[Round "4.4"]
[White "Pomaro, Stefano"]
[Black "Cervati, Michele"]
[Result "0-1"]
[WhiteElo "1682"]
[BlackElo "1729"]
[PlyCount "96"]
[EventDate "2019.03.15"]
[EventType "team-tourn"]
[EventRounds "5"]
[EventCountry "ITA"]
[SourceTitle "EXT 2022"]
[Source "ChessBase"]
[SourceDate "2021.10.06"]
[SourceVersion "1"]
[SourceVersionDate "2021.10.06"]
[SourceQuality "1"]
[WhiteTeam "Venezia Nono Risorto"]
[BlackTeam "Rovigo"]
[WhiteTeamCountry "ITA"]
[BlackTeamCountry "ITA"]

1. Nf3 e6 2. d3 d5 3. Nbd2 c5 4. e4 Nc6 5. g3 Nf6 6. Bg2 g6 7. 0-0 Bg7 8. Re1 0-0 9. c3 d4 10. c4 e5 11. Nf1 Bd7 12. Nh4 Ne8 13. Bf3 Qc8 14. Bg2 Nd6 15. f4 f6 16. Nf3 a6 17. Rb1 b5 18. b3 Rb8 19. Ba3 b4 20. Bc1 a5 21. h4 Re8 22. h5 f5 23. Nh4 fxe4 24. hxg6 h6 25. dxe4 Bg4 26. Qd3 exf4 27. gxf4 Qd8 28. Nf3 Qd7 29. Bd2 Nxe4 30. Ne5 Nxe5 31. fxe5 Nxd2 32. Qxd2 Bf5 33. Bd5+ Be6 34. Bg2 Bf5 35. Bd5+ Be6 36. Bg2 a4 37. Ng3 axb3 38. axb3 Qc7 39. Nh5 Rf8 40. Nf6+ Bxf6 41. exf6 Rxf6 42. Qxh6 Qg7 43. Qxg7+ Kxg7 44. Re5 Rxg6 45. Rxc5 Bh3 46. Rb2 Rd8 47. Rh5 Bxg2 48. Rxg2 d3 0-1